Open Data Biblioteca Nacional de Portugal


República Portuguesa: Ministério da Cultura
Biblioteca Nacional de Portugal

Catálogo da BNP: acesso por Identificadores Unívocos
Registos Bibliográficos associados ao registo de autoridade

Etiqueta de registo: 00796nam 2200277 450
001 2286206
003 http://id.bnportugal.gov.pt/bib/catbnp/2286206
010 ## $a978-989-571-519-0
021 ## $aPT$b546722/25
100 ## $a20260512d2025 a y0pory01030103ba
101 1# $apor$ceng
102 ## $aPT
105 ## $aa t 000zy
106 ## $ar
200 1# $aHomem-Aranha$euniverso Homem-Aranha$fDan Slott, Olivier Coipel, Giuseppe Camuncoli
210 #9 $a[S.l.]$cAtlântico Press,$dcop. 2025
215 ## $a1 v.$ctodo il.$d26 cm
225 2# $aMarvel must have$v1
675 ## $a087.5$vBN$zpor$3287999
675 ## $a741(=1:73)"19/20"$vBN$zpor$31487069
675 ## $a741(=1:44)"20"$vBN$zpor$31495749
675 ## $a821.111(73)-9"19/20"$vBN$zpor$31185252
700 #1 $aSlott,$bDan,$f1963-$31998205
701 #1 $aCoipel,$bOlivier, $f1973-$4440$31509891
701 #1 $aCamuncoli,$bGiuseppe,$f1975-$4440$31760099
801 #0 $aPT$bBN$gRPC
856 41 $uhttp://rnod.bnportugal.gov.pt/ImagesBN/winlibimg.aspx?skey=&doc=2286206&img=223101&save=true
900 ## $aBIBNAC$d20260623
966 ## $lBN$mFGMON$sP. 72996 V.$x1
966 ## $lBN$mFGMON$sP. 72996 V.-D$x1
971 ## $corlando$d20260512
972 ## $e0$z0$d20260623$vasantos
973 ## $cigoulao$d20260605

OpendataBNP@bnportugal.pt | Mais informação sobre acesso aos dados BNP